[Event "XVI Festival A"]
[Site "Porto San Giorgio ITA"]
[Date "2004.08.23"]
[Round "3"]
[White "Hoelzl, Franz"]
[Black "Bokros, Albert"]
[Result "0-1"]
[WhiteElo "2373"]
[BlackElo "2470"]
[PlyCount "86"]
[EventDate "2004.08.21"]

1. c4 e5 2. g3 Nf6 3. Bg2 d5 4. cxd5 Nxd5 5. Nf3 Nc6 6. O-O Be7 7. d4 e4 8. Ne5
f5 9. f3 exf3 10. Bxf3 Nxe5 11. dxe5 c6 12. e4 fxe4 13. Bxe4 g6 14. Qb3 Qb6+
15. Qxb6 Nxb6 16. Nd2 Be6 17. Nf3 Bc4 18. Re1 Bb4 19. Bd2 Bxd2 20. Nxd2 Rd8 21.
Nb3 Bxb3 22. axb3 a6 23. Bg2 Ke7 24. Re4 Nd5 25. Rf1 Rhf8 26. Rh4 Rxf1+ 27.
Bxf1 h5 28. Bd3 Kf7 29. Kf2 Re8 30. Re4 Ke6 31. h4 Rf8+ 32. Kg2 g5 33. hxg5 Rg8
34. Kh3 Rxg5 35. Kh4 Rf5 36. Be2 Rf2 37. g4 hxg4 38. Bxg4+ Ke7 39. Re2 Rxe2 40.
Bxe2 Ke6 41. Bg4+ Kxe5 42. Bc8 a5 43. Bxb7 Nb4 0-1

[Event "XVI Festival A"]
[Site "Porto San Giorgio ITA"]
[Date "2004.08.23"]
[Round "3"]
[White "Horvath, Peter"]
[Black "Faraoni, Enrico"]
[Result "1-0"]
[WhiteElo "2503"]
[BlackElo "2178"]
[PlyCount "109"]
[EventDate "2004.08.21"]

1. d4 Nf6 2. c4 g6 3. g3 c5 4. d5 d6 5. Nc3 e6 6. Bg2 exd5 7. cxd5 Bg7 8. Nf3
O-O 9. O-O Re8 10. Nd2 Nbd7 11. Nc4 Ne5 12. Nxe5 Rxe5 13. Bf4 Re8 14. a4 Ng4
15. Qc1 a6 16. h3 Ne5 17. Bg5 Qc7 18. Ne4 Bf5 19. Nf6+ Bxf6 20. Bxf6 Nd7 21.
Bc3 Rxe2 22. Qh6 f6 23. Rfe1 Rae8 24. Rxe2 Rxe2 25. g4 Bc2 26. g5 Ne5 27. gxf6
Qf7 28. Qh4 Bb3 29. Qf4 Bxd5 30. Rd1 Bxg2 31. Rxd6 Nd7 32. Kxg2 Nf8 33. Qh6 Re8
34. Qg7+ Qxg7 35. fxg7 Ne6 36. a5 Re7 37. Bf6 Re8 38. Rd7 Rb8 39. Be5 Re8 40.
f4 Nd8 41. Bc3 Ne6 42. Kf3 Nd4+ 43. Kg4 Re6 44. Rxb7 h5+ 45. Kg5 Kh7 46. Bxd4
cxd4 47. Rb6 Re2 48. g8=Q+ Kxg8 49. Kxg6 Rg2+ 50. Kxh5 d3 51. Rxa6 Rxb2 52. Kg6
Rg2+ 53. Kf5 Rh2 54. Ke4 Rxh3 55. Rd6 1-0

[Event "XVI Festival A"]
[Site "Porto San Giorgio ITA"]
[Date "2004.08.23"]
[Round "3"]
[White "Kolbus, Dietmar"]
[Black "Mrdja, Milan"]
[Result "1/2-1/2"]
[WhiteElo "2303"]
[BlackElo "2432"]
[PlyCount "74"]
[EventDate "2004.08.21"]

1. c4 b6 2. Nc3 Bb7 3. e4 c5 4. d4 cxd4 5. Qxd4 d6 6. Be3 Nd7 7. Rc1 Ngf6 8. f3
g6 9. Nh3 Bg7 10. Be2 O-O 11. Qd2 Re8 12. O-O Rc8 13. Rfd1 Ne5 14. b3 Qc7 15.
Nd5 Qb8 16. Nxf6+ Bxf6 17. Nf4 Bg7 18. Nd5 Rcd8 19. Bg5 f6 20. Bh6 Bh8 21. Be3
e6 22. Nc3 Bg7 23. Bh6 Bc6 24. Bxg7 Kxg7 25. Qd4 g5 26. Rd2 Qc7 27. Rcd1 Qe7
28. Qf2 Kh8 29. Bf1 Rg8 30. Ne2 g4 31. f4 Nf7 32. Ng3 Qf8 33. a4 Qe7 34. Qe3
Qc7 35. Nh5 Qe7 36. Ng3 Qc7 37. Nh5 Qe7 1/2-1/2

[Event "XVI Festival A"]
[Site "Porto San Giorgio ITA"]
[Date "2004.08.23"]
[Round "3"]
[White "Lalic, Bogdan"]
[Black "Schaefer, Michael"]
[Result "1-0"]
[WhiteElo "2527"]
[BlackElo "2180"]
[PlyCount "53"]
[EventDate "2004.08.21"]

1. d4 Nf6 2. c4 g6 3. Nc3 d5 4. Bf4 Bg7 5. e3 c5 6. dxc5 Qa5 7. Rc1 Ne4 8. cxd5
Nxc3 9. Qd2 Qxa2 10. Rxc3 Bxc3 11. Qxc3 Qa1+ 12. Kd2 f6 13. Nf3 O-O 14. Bh6 Rf7
15. Rg1 Na6 16. Bd3 Qa4 17. e4 Bg4 18. Be3 Rc8 19. Rc1 Rff8 20. Qa3 Qxa3 21.
bxa3 f5 22. Ne5 fxe4 23. Bxa6 bxa6 24. Nxg4 Rfd8 25. Bd4 Rxd5 26. Ke3 h5 27.
Ne5 1-0

[Event "XVI Festival A"]
[Site "Porto San Giorgio ITA"]
[Date "2004.08.23"]
[Round "3"]
[White "Lazic, Miroljub"]
[Black "Guastadini, Paolo"]
[Result "1-0"]
[WhiteElo "2471"]
[BlackElo "2131"]
[PlyCount "39"]
[EventDate "2004.08.21"]

1. g3 c5 2. c4 Nc6 3. Bg2 d6 4. Nc3 g6 5. e3 Bg7 6. Nge2 Nf6 7. O-O Bd7 8. h3
O-O 9. d4 a6 10. b3 Rb8 11. d5 Na7 12. a4 b6 13. e4 Qc7 14. Be3 b5 15. axb5
axb5 16. b4 bxc4 17. bxc5 dxc5 18. e5 Ne8 19. d6 exd6 20. exd6 1-0

[Event "XVI Festival A"]
[Site "Porto San Giorgio ITA"]
[Date "2004.08.23"]
[Round "3"]
[White "Naumkin, Igor"]
[Black "Bontempi, Piero"]
[Result "1/2-1/2"]
[WhiteElo "2457"]
[BlackElo "2325"]
[PlyCount "25"]
[EventDate "2004.08.21"]

1. d4 d5 2. c4 Bf5 3. Nc3 e6 4. Nf3 c6 5. Qb3 Qb6 6. c5 Qxb3 7. axb3 h6 8. b4
g5 9. b5 Ne7 10. e3 Bg7 11. b4 Nd7 12. h3 O-O 13. Bd2 1/2-1/2

[Event "XVI Festival A"]
[Site "Porto San Giorgio ITA"]
[Date "2004.08.23"]
[Round "3"]
[White "Nijboer, Friso"]
[Black "Laketic, Gojko"]
[Result "1/2-1/2"]
[WhiteElo "2568"]
[BlackElo "2403"]
[PlyCount "51"]
[EventDate "2004.08.21"]

1. e4 d5 2. exd5 Qxd5 3. Nc3 Qa5 4. d4 Nf6 5. Bd2 c6 6. Bc4 Qc7 7. Qe2 Nbd7 8.
Nf3 Nb6 9. Bb3 a5 10. a4 e6 11. Ne5 Bb4 12. O-O O-O 13. Rad1 Nbd5 14. Ne4 b6
15. Nxf6+ Nxf6 16. Bg5 Ba6 17. c4 Nd7 18. Bc2 g6 19. b3 Rfe8 20. Rd3 Be7 21.
Bf4 Nxe5 22. Bxe5 Bd6 23. Rh3 c5 24. Qe3 f5 25. Bxd6 Qxd6 26. dxc5 1/2-1/2

[Event "XVI Festival A"]
[Site "Porto San Giorgio ITA"]
[Date "2004.08.23"]
[Round "3"]
[White "Paci, Stefano"]
[Black "Sabia, Corrado"]
[Result "0-1"]
[WhiteElo "2003"]
[BlackElo "2150"]
[PlyCount "80"]
[EventDate "2004.08.21"]

1. d4 d5 2. c4 c6 3. Nc3 dxc4 4. e3 b5 5. a4 b4 6. Na2 e6 7. Bxc4 Nf6 8. Nf3
Be7 9. O-O O-O 10. Qe2 Bb7 11. Rd1 Nbd7 12. b3 Qb6 13. Bb2 c5 14. Rac1 Rfd8 15.
Bd3 cxd4 16. Bxd4 Bc5 17. Ba1 Rac8 18. h3 a5 19. Bb1 Qa7 20. Ne5 Nxe5 21. Rxd8+
Rxd8 22. Bxe5 Nd7 23. Qh5 g6 24. Qg5 Qa8 25. Rd1 Bd5 26. Bb2 Rf8 27. e4 f6 28.
Qc1 Bc6 29. Rxd7 Bxd7 30. Qxc5 Rf7 31. Nc1 e5 32. Bd3 Be6 33. g4 Qd8 34. Kg2
Bxb3 35. Bb5 Be6 36. Bc4 Bxc4 37. Qxc4 Qd2 38. Nd3 Qe2 39. Bc1 Kg7 40. Nc5 Qxc4
0-1

[Event "XVI Festival A"]
[Site "Porto San Giorgio ITA"]
[Date "2004.08.23"]
[Round "3"]
[White "Piva, Giorgio"]
[Black "Di Donatantonio, Franco"]
[Result "0-1"]
[WhiteElo "2173"]
[BlackElo "2012"]
[PlyCount "60"]
[EventDate "2004.08.21"]

1. d4 c5 2. d5 d6 3. Nc3 Nf6 4. e4 g6 5. Bb5+ Nbd7 6. a4 Bg7 7. f4 O-O 8. Nf3
a6 9. Be2 Rb8 10. Nd2 Ne8 11. O-O Nc7 12. Nc4 b6 13. Bg4 b5 14. axb5 axb5 15.
Na5 Bb7 16. Nxb7 Rxb7 17. e5 Nb6 18. Bf3 Rb8 19. exd6 exd6 20. Ne4 Nc4 21. c3
b4 22. Qd3 bxc3 23. bxc3 Nb6 24. Ra3 c4 25. Qc2 Nb5 26. Ra6 Nxd5 27. Nxd6 Rb6
28. Bxd5 Rxa6 29. Nxb5 Qxd5 30. Na3 Qc5+ 0-1

[Event "XVI Festival A"]
[Site "Porto San Giorgio ITA"]
[Date "2004.08.23"]
[Round "3"]
[White "Roeder, Matthias"]
[Black "Bracaglia, Carlo"]
[Result "1-0"]
[WhiteElo "2431"]
[BlackElo "2166"]
[PlyCount "75"]
[EventDate "2004.08.21"]

1. d4 Nf6 2. c4 c5 3. d5 e6 4. Nf3 exd5 5. cxd5 d6 6. Nc3 g6 7. Bf4 a6 8. a4
Qe7 9. h3 Bg7 10. e3 Nbd7 11. Be2 O-O 12. O-O Ne8 13. Kh1 Ne5 14. Nd2 Rb8 15.
Bg3 f5 16. a5 b5 17. axb6 Rxb6 18. Qc2 Qb7 19. Rfb1 g5 20. f4 gxf4 21. exf4 Ng6
22. Nc4 Rb4 23. Bd3 Qf7 24. Re1 Qf6 25. Re2 Qd4 26. Rae1 Bd7 27. Rxe8 Bxe8 28.
Nxd6 Bd7 29. Bxf5 Bxf5 30. Nxf5 Qf6 31. Nxg7 Kxg7 32. Ne4 Qxb2 33. Qxc5 Nxf4
34. Bxf4 Rxf4 35. Qc7+ Rf7 36. Qg3+ Kh8 37. Nd6 Rf8 38. Nf7+ 1-0

[Event "XVI Festival A"]
[Site "Porto San Giorgio ITA"]
[Date "2004.08.23"]
[Round "3"]
[White "Rotoni, Matteo"]
[Black "Faini, Ivano"]
[Result "1-0"]
[WhiteElo "2101"]
[BlackElo "1679"]
[PlyCount "95"]
[EventDate "2004.08.21"]

1. e4 d5 2. exd5 Qxd5 3. Nc3 Qa5 4. d4 Nf6 5. Bc4 Bf5 6. Bd2 c6 7. Nd5 Qd8 8.
Nxf6+ exf6 9. Ne2 Bd6 10. O-O O-O 11. c3 Nd7 12. Ng3 Bg6 13. f4 Nb6 14. Be2 h6
15. c4 c5 16. d5 Qc7 17. f5 Bh7 18. Bd3 Rfe8 19. Qf3 Re7 20. Kh1 Rae8 21. Ne4
Be5 22. Qg4 Kh8 23. Rae1 Nc8 24. b4 b6 25. bxc5 bxc5 26. Rb1 Bd4 27. Ng3 Rg8
28. Rfe1 Be5 29. Ne4 Bd4 30. Bf4 Be5 31. Be3 Bd6 32. Qh4 Rxe4 33. Bxe4 Nb6 34.
Bd3 Nd7 35. Rb3 Re8 36. Bd2 Rd8 37. Bc2 Nb6 38. Bxh6 Nd7 39. Rh3 Nf8 40. Re4
Rb8 41. Bxg7+ Kxg7 42. Qh6+ Kg8 43. Rg4+ Ng6 44. Qxh7+ Kf8 45. fxg6 Qb7 46. Rb3
Qc7 47. Rxb8+ Qxb8 48. Qxf7# 1-0

[Event "XVI Festival A"]
[Site "Porto San Giorgio ITA"]
[Date "2004.08.23"]
[Round "3"]
[White "Saccona, Silvano"]
[Black "Bukal, Vladimir jr"]
[Result "0-1"]
[WhiteElo "2098"]
[BlackElo "2390"]
[PlyCount "52"]
[EventDate "2004.08.21"]

1. e4 e6 2. d3 d5 3. Qe2 dxe4 4. dxe4 e5 5. Nf3 Nd7 6. g3 Ngf6 7. Bg2 Bc5 8.
O-O O-O 9. Nbd2 a5 10. Nc4 Qe7 11. Bg5 h6 12. Bd2 b6 13. Nh4 Ba6 14. Nf5 Qe6
15. b3 Rfe8 16. Kh1 Bf8 17. h4 Nc5 18. Bh3 Kh7 19. Kh2 Qc6 20. f3 Nb7 21. Rg1
b5 22. Nxa5 Nxa5 23. Bxa5 b4 24. Qg2 Bc8 25. Bxb4 Bxb4 26. c4 Bc5 0-1

[Event "XVI Festival A"]
[Site "Porto San Giorgio ITA"]
[Date "2004.08.23"]
[Round "3"]
[White "Sciortino, Massimo"]
[Black "Manganelli, Gianpaolo"]
[Result "1/2-1/2"]
[WhiteElo "2253"]
[BlackElo "2035"]
[PlyCount "62"]
[EventDate "2004.08.21"]

1. e4 c5 2. Nc3 d6 3. g3 Nc6 4. Bg2 g6 5. d3 Bg7 6. Be3 Rb8 7. Qd2 b5 8. Nh3
Nd4 9. Nf4 Nf6 10. h4 Bg4 11. Bxd4 cxd4 12. Ncd5 h5 13. O-O Bd7 14. Nxf6+ Bxf6
15. Nd5 Bg7 16. a3 O-O 17. f4 e6 18. Nb4 a5 19. Na2 Qb6 20. Rae1 b4 21. axb4
axb4 22. Nc1 Rbc8 23. Nb3 Kh7 24. Qe2 Rfe8 25. Qd1 Rc7 26. Nd2 Bb5 27. b3 Qc5
28. Qa1 Ra7 29. Qb1 Rc8 30. Nc4 d5 31. exd5 exd5 1/2-1/2

[Event "XVI Festival A"]
[Site "Porto San Giorgio ITA"]
[Date "2004.08.23"]
[Round "3"]
[White "Tomini, Marco"]
[Black "Mircoli, Filippo"]
[Result "1-0"]
[WhiteElo "2118"]
[BlackElo "1977"]
[PlyCount "50"]
[EventDate "2004.08.21"]

1. d4 e6 2. c4 Nf6 3. Nc3 Bb4 4. Qc2 O-O 5. Bg5 h6 6. Bh4 d5 7. cxd5 exd5 8. a3
Be7 9. e3 c5 10. dxc5 Nc6 11. Rd1 d4 12. Be2 Qa5 13. exd4 Rd8 14. Nf3 Bg4 15.
Qa4 Qxa4 16. Nxa4 Bxf3 17. Bxf3 Nxd4 18. Bxb7 Rab8 19. c6 Nc2+ 20. Ke2 Re8 21.
Kd3 Ng4 22. Bg3 Bd6 23. Bxd6 Nxf2+ 24. Kxc2 Re2+ 25. Kb1 Nxh1 1-0

[Event "XVI Festival A"]
[Site "Porto San Giorgio ITA"]
[Date "2004.08.23"]
[Round "3"]
[White "Tommaselli, Giacomo"]
[Black "Facchetti, Gianni"]
[Result "1/2-1/2"]
[WhiteElo "2018"]
[BlackElo "2190"]
[PlyCount "83"]
[EventDate "2004.08.21"]

1. d4 Nf6 2. Nf3 d6 3. Bg5 Nbd7 4. Nbd2 h6 5. Bh4 g5 6. Bg3 Nh5 7. e3 Nxg3 8.
hxg3 Bg7 9. Bc4 Nf6 10. Qe2 d5 11. Bd3 Bg4 12. c3 c6 13. e4 a6 14. e5 Nd7 15.
Qe3 Bxf3 16. Nxf3 e6 17. g4 Qe7 18. g3 c5 19. O-O Rc8 20. Rac1 O-O 21. Bb1 Rc7
22. Qd3 Rfc8 23. Qh7+ Kf8 24. Rce1 cxd4 25. cxd4 Qb4 26. b3 Qa3 27. Kg2 Rc1 28.
Rxc1 Rxc1 29. Rxc1 Qxc1 30. Qd3 Nb8 31. b4 b5 32. Bc2 Qb2 33. a3 Nc6 34. Kf1
Ke8 35. Ke2 a5 36. bxa5 Nxa5 37. a4 bxa4 38. Nd2 a3 39. Qa6 Nb7 40. Qc6+ Kf8
41. Qc8+ Ke7 42. Qc7+ 1/2-1/2

[Event "XVI Festival A"]
[Site "Porto San Giorgio ITA"]
[Date "2004.08.23"]
[Round "3"]
[White "Vigile, Matteo"]
[Black "Nardi, Marco"]
[Result "1-0"]
[WhiteElo "2109"]
[BlackElo "1888"]
[PlyCount "92"]
[EventDate "2004.08.21"]

1. Nf3 Nf6 2. g3 g6 3. d3 Bg7 4. Bg2 O-O 5. O-O d5 6. Nbd2 c5 7. c4 Nc6 8. a3
b6 9. Rb1 a5 10. b3 Bb7 11. Bb2 d4 12. b4 Nd7 13. bxc5 Nxc5 14. Qc2 a4 15. Ng5
e5 16. Nge4 Ne6 17. c5 Na5 18. Qxa4 f5 19. cxb6 fxe4 20. Nxe4 Qxb6 21. Bc3 Qd8
22. Rxb7 Nxb7 23. Qb3 Qd7 24. Bb4 Kh8 25. Bxf8 Rxf8 26. Rc1 Rc8 27. Rxc8+ Qxc8
28. Bh3 Nbd8 29. Qd5 h6 30. a4 Qa6 31. Qd7 Qb6 32. a5 Qxa5 33. Bxe6 Nxe6 34.
Qxe6 Qe1+ 35. Kg2 Qxe2 36. Nc5 Qh5 37. Qe8+ Kh7 38. Ne6 Qf5 39. Qe7 Qf6 40.
Qxf6 Bxf6 41. Kf3 Kg8 42. Ke4 Kf7 43. Nc7 g5 44. Kf5 Bg7 45. g4 Ke7 46. f3 Kd6
1-0

[Event "XVI Festival A"]
[Site "Porto San Giorgio ITA"]
[Date "2004.08.23"]
[Round "3"]
[White "Voiska, Margarita"]
[Black "Djuric, Stefan"]
[Result "1-0"]
[WhiteElo "2387"]
[BlackElo "2511"]
[PlyCount "89"]
[EventDate "2004.08.21"]

1. c4 g6 2. Nc3 Bg7 3. g3 Nf6 4. Bg2 O-O 5. d3 e5 6. e3 c6 7. Nge2 d5 8. cxd5
cxd5 9. d4 e4 10. O-O Nc6 11. f3 exf3 12. Bxf3 Bh3 13. Re1 Bg4 14. Nf4 Bxf3 15.
Qxf3 Ne7 16. Bd2 Qd7 17. Nd3 Rad8 18. Rf1 Nc6 19. Qg2 Qe7 20. Nf4 Qd6 21. g4 h6
22. Rf2 Qd7 23. h3 b5 24. Nd3 b4 25. Nc5 Qe7 26. Ne2 Ne4 27. Nxe4 dxe4 28. Rf4
f5 29. gxf5 gxf5 30. Ng3 Rd5 31. Raf1 Qd7 32. Nxe4 Kh7 33. Nc5 Rxc5 34. dxc5
Rf6 35. Be1 Rg6 36. Bg3 Qe6 37. e4 fxe4 38. Rxe4 Qd7 39. Rg4 Rxg4 40. hxg4 Qxg4
41. Bh2 Qd4+ 42. Kh1 Ne7 43. c6 Qc4 44. c7 Bxb2 45. Re1 1-0

[Event "XVI Festival A"]
[Site "Porto San Giorgio ITA"]
[Date "2004.08.23"]
[Round "3"]
[White "Zaja, Ivan"]
[Black "Rigo, Janos"]
[Result "1-0"]
[WhiteElo "2452"]
[BlackElo "2314"]
[PlyCount "51"]
[EventDate "2004.08.21"]

1. d4 Nf6 2. c4 e6 3. Nf3 b6 4. g3 Ba6 5. b3 b5 6. Bg2 bxc4 7. Ne5 d5 8. bxc4
Bd6 9. Qa4+ c6 10. Ba3 O-O 11. O-O Bxa3 12. Nxa3 Ne4 13. Rac1 Nd6 14. Nxc6 Nxc6
15. Qxa6 Nb4 16. Qa4 a5 17. cxd5 exd5 18. Nb1 Nf5 19. Rfd1 Qg5 20. Rc3 Qe7 21.
e3 Nd6 22. a3 Ne4 23. Rcc1 Na6 24. Nc3 Nc7 25. Nxe4 dxe4 26. Bxe4 1-0

[Event "XVI Festival A"]
[Site "Porto San Giorgio ITA"]
[Date "2004.08.24"]
[Round "4"]
[White "Aleksic, Nenad"]
[Black "Czebe, Attila"]
[Result "1/2-1/2"]
[WhiteElo "2395"]
[BlackElo "2479"]
[PlyCount "79"]
[EventDate "2004.08.21"]

1. e4 c5 2. Nf3 d6 3. d4 Nf6 4. Nc3 cxd4 5. Nxd4 a6 6. g3 e5 7. Nde2 b5 8. Bg5
Nbd7 9. Nd5 Bb7 10. Nec3 Be7 11. Bxf6 Bxf6 12. a4 bxa4 13. Rxa4 O-O 14. Bg2 Nb6
15. Ra2 Rc8 16. O-O Nxd5 17. Nxd5 Rc5 18. Qd3 Bxd5 19. exd5 a5 20. c3 Qb6 21.
Rb1 Rfc8 22. Bh3 Rb8 23. b4 axb4 24. Rxb4 Qc7 25. Rxb8+ Qxb8 26. c4 g6 27. Bd7
Qb4 28. Bb5 Kg7 29. Kg2 Qe1 30. Ra6 e4 31. Qe3 Qxe3 32. fxe3 Be5 33. Rc6 f5 34.
h3 Kf6 35. Rxc5 dxc5 36. Be8 Bc7 37. Kf2 g5 38. g4 f4 39. Bd7 Ke5 40. Ke2
1/2-1/2

[Event "XVI Festival A"]
[Site "Porto San Giorgio ITA"]
[Date "2004.08.24"]
[Round "4"]
[White "Bastarelli, Giuseppe"]
[Black "Cristiani, Cesare"]
[Result "1/2-1/2"]
[WhiteElo "1999"]
[BlackElo "2155"]
[PlyCount "61"]
[EventDate "2004.08.21"]

1. d4 Nf6 2. Nf3 e6 3. c4 c5 4. d5 exd5 5. cxd5 d6 6. Nc3 g6 7. e4 Bg7 8. h3
O-O 9. Bd3 b5 10. Nxb5 Nxe4 11. O-O a6 12. Na3 Nf6 13. Nc4 Bb7 14. Bf4 Ne8 15.
Be2 Qc7 16. Ng5 Nd7 17. Ne4 Ne5 18. Bxe5 Bxe5 19. Nxe5 dxe5 20. Rc1 Qb6 21.
Nxc5 Rd8 22. Bf3 Nf6 23. Re1 Bxd5 24. Rxe5 Qxb2 25. Re1 Be4 26. Qe2 Rd2 27. Qe3
Bf5 28. Nb3 Rd3 29. Qe2 Qa3 30. Qe7 Qxe7 31. Rxe7 1/2-1/2

[Event "XVI Festival A"]
[Site "Porto San Giorgio ITA"]
[Date "2004.08.24"]
[Round "4"]
[White "Bokros, Albert"]
[Black "Voiska, Margarita"]
[Result "1/2-1/2"]
[WhiteElo "2470"]
[BlackElo "2387"]
[PlyCount "31"]
[EventDate "2004.08.21"]

1. e4 e6 2. d4 d5 3. Nc3 Bb4 4. e5 Qd7 5. a3 Bxc3+ 6. bxc3 b6 7. Qg4 f5 8. exf6
Nxf6 9. Qh4 Ba6 10. Bd3 Bxd3 11. cxd3 O-O 12. Ne2 Nc6 13. Bf4 Ne7 14. O-O Ng6
15. Qh3 c5 16. dxc5 1/2-1/2

[Event "XVI Festival A"]
[Site "Porto San Giorgio ITA"]
[Date "2004.08.24"]
[Round "4"]
[White "Bonafede, Emanuel"]
[Black "Pepe, Mario"]
[Result "0-1"]
[WhiteElo "1784"]
[BlackElo "2145"]
[PlyCount "64"]
[EventDate "2004.08.21"]

1. e4 Nf6 2. e5 Nd5 3. d4 d6 4. c4 Nb6 5. exd6 cxd6 6. Nc3 g6 7. Be3 Bg7 8. Be2
O-O 9. Rc1 Nc6 10. b3 Nd7 11. d5 Ncb8 12. Bd4 Nf6 13. Bf3 Nbd7 14. Nge2 Ne8 15.
Bxg7 Nxg7 16. g3 Ne5 17. Nd4 Bh3 18. Rg1 Qb6 19. g4 Qxd4 20. Rg3 Nd3+ 21. Ke2
Nf4+ 22. Ke1 Qxd1+ 23. Rxd1 f5 24. Ne2 fxg4 25. Bxg4 Bxg4 26. Rxg4 Nxe2 27.
Kxe2 b6 28. Rdg1 Rf6 29. Rg5 Raf8 30. R1g2 Rf5 31. R5g4 Nh5 32. Ke3 Re5+ 0-1

[Event "XVI Festival A"]
[Site "Porto San Giorgio ITA"]
[Date "2004.08.24"]
[Round "4"]
[White "Buiano, Fabio"]
[Black "Aldrovandi, Costantino"]
[Result "1-0"]
[WhiteElo "2094"]
[BlackElo "2275"]
[PlyCount "55"]
[EventDate "2004.08.21"]

1. e4 c6 2. d4 d5 3. Nd2 dxe4 4. Nxe4 Bf5 5. Ng3 Bg6 6. h4 h6 7. h5 Bh7 8. Nf3
Nd7 9. Bd3 Bxd3 10. Qxd3 e6 11. Bf4 Ngf6 12. O-O-O Be7 13. Ne4 Nxe4 14. Qxe4
Nf6 15. Qe2 Qa5 16. Kb1 O-O-O 17. Ne5 Rhf8 18. Nxf7 Rxf7 19. Qxe6+ Rd7 20. Qxf7
Bd6 21. Bd2 Qf5 22. Qg6 Qxf2 23. Bxh6 gxh6 24. Rhf1 Qe2 25. Qxf6 Qxh5 26. c4
Be7 27. Qe6 Bd6 28. g4 1-0

[Event "XVI Festival A"]
[Site "Porto San Giorgio ITA"]
[Date "2004.08.24"]
[Round "4"]
[White "Bukal, Vladimir jr"]
[Black "Naumkin, Igor"]
[Result "0-1"]
[WhiteElo "2390"]
[BlackElo "2457"]
[PlyCount "74"]
[EventDate "2004.08.21"]

1. d4 e6 2. c4 Nf6 3. Nf3 b6 4. g3 Bb7 5. Bg2 Be7 6. Nc3 O-O 7. Qc2 d5 8. cxd5
exd5 9. O-O Na6 10. Rd1 Qc8 11. Bg5 Rd8 12. Rac1 c5 13. dxc5 bxc5 14. Ne5 Nb4
15. Qb1 d4 16. Ne4 Nxe4 17. Bxe7 Qf5 18. f4 Re8 19. Bxc5 Nxa2 20. Qxa2 Rxe5 21.
Bxd4 Re7 22. Qa3 Rae8 23. Qd3 h5 24. Rc5 Qg6 25. Re5 h4 26. Rxe7 Rxe7 27. Be5
hxg3 28. hxg3 Kh7 29. Rf1 Qf5 30. Rf3 Rd7 31. g4 Qxg4 32. Rh3+ Kg8 33. Qf3 Rd1+
34. Kh2 Qg6 35. f5 Qb6 36. e3 Rd2 37. Qg4 Nf6 0-1

[Event "XVI Festival A"]
[Site "Porto San Giorgio ITA"]
[Date "2004.08.24"]
[Round "4"]
[White "Cerquitella, Luca"]
[Black "Tommaselli, Giacomo"]
[Result "1-0"]
[WhiteElo "2173"]
[BlackElo "2018"]
[PlyCount "73"]
[EventDate "2004.08.21"]

1. e4 d5 2. exd5 Qxd5 3. Nc3 Qa5 4. d4 Nf6 5. Bc4 c6 6. Nge2 Bf5 7. Ng3 Bg6 8.
h4 h5 9. Bd2 Nbd7 10. Nd5 Qd8 11. Nf4 Be4 12. Qe2 Bd5 13. Bd3 c5 14. c4 Bxg2
15. Nxg2 cxd4 16. Nf4 Nc5 17. O-O e6 18. b4 Ng4 19. Ng2 Nxd3 20. Qxd3 Be7 21.
Qe4 Bxh4 22. b5 Be7 23. Nxh5 Nh2 24. Ngf4 Nxf1 25. Nxg7+ Kd7 26. Kxf1 Qb6 27.
Rd1 Rac8 28. Be3 Rxc4 29. Bxd4 Qxb5 30. Kg1 Qg5+ 31. Kf1 Qb5 32. Kg1 Qg5+ 33.
Ng2 Kc8 34. Rb1 Qd5 35. Qxd5 exd5 36. Nf5 Bc5 37. Bxh8 1-0

[Event "XVI Festival A"]
[Site "Porto San Giorgio ITA"]
[Date "2004.08.24"]
[Round "4"]
[White "Chiaretti, Roberto"]
[Black "Ragnoni, Alessandro"]
[Result "1-0"]
[WhiteElo "2207"]
[BlackElo "2075"]
[PlyCount "149"]
[EventDate "2004.08.21"]

1. d4 d6 2. Nf3 Nf6 3. g3 c6 4. Bg2 Qc7 5. O-O e5 6. c4 Nbd7 7. b3 Be7 8. Ba3
c5 9. dxe5 dxe5 10. Nc3 O-O 11. Bb2 e4 12. Ng5 e3 13. f4 h6 14. Nf3 Re8 15. Qc2
a6 16. Rad1 Bf8 17. Nh4 Nb8 18. Nd5 Nxd5 19. cxd5 Bd6 20. Qc3 f6 21. Qc2 Qf7
22. Be4 Rxe4 23. Qxe4 Bh3 24. Rfe1 Nd7 25. Nf5 Bc7 26. d6 Ba5 27. Ne7+ Kh8 28.
Qxb7 Rb8 29. Qxa6 Bxe1 30. Rxe1 c4 31. Rc1 cxb3 32. Rc8+ Rxc8 33. Qxc8+ Kh7 34.
a4 Qe6 35. a5 Nc5 36. Qxe6 Bxe6 37. Kg2 Bg4 38. Kf1 g5 39. Nd5 Bh3+ 40. Ke1
gxf4 41. Nxf4 Bc8 42. Bxf6 Nb7 43. Nd5 Nxa5 44. Nb6 Bf5 45. Kd1 Kg6 46. Bc3 Nb7
47. d7 Kf7 48. Kc1 Ke7 49. Bd4 Bxd7 50. Nxd7 Kxd7 51. Bxe3 h5 52. Kb2 Na5 53.
Bd4 Ke6 54. Bc3 Nc4+ 55. Kxb3 Ne3 56. Bd4 Nf5 57. Kc4 Nd6+ 58. Kd3 Kf5 59. h3
Nf7 60. e4+ Ke6 61. Ke3 Ng5 62. h4 Nf7 63. Kf4 Nd6 64. Ba1 Nc4 65. Bc3 Nd6 66.
e5 Nf5 67. Bb2 Ng7 68. Ba3 Nf5 69. Bc1 Nd4 70. Kg5 Nf3+ 71. Kxh5 Nxe5 72. Bb2
Nd3 73. Bc3 Kf7 74. Kg5 Nc5 75. Kf5 1-0

[Event "XVI Festival A"]
[Site "Porto San Giorgio ITA"]
[Date "2004.08.24"]
[Round "4"]
[White "Della Corte, Alessandro"]
[Black "Kohlweyer, Bernd"]
[Result "0-1"]
[WhiteElo "2128"]
[BlackElo "2411"]
[PlyCount "54"]
[EventDate "2004.08.21"]

1. e4 c5 2. Nf3 d6 3. d4 cxd4 4. Qxd4 Bd7 5. Be3 Nf6 6. Nc3 Ng4 7. O-O-O Nc6 8.
Qd2 g6 9. Bc4 Bg7 10. Bg5 h6 11. Bf4 Rc8 12. Bb3 Qa5 13. e5 Ngxe5 14. Nxe5 Nxe5
15. Rhe1 g5 16. Bxe5 Bxe5 17. Rxe5 Qxe5 18. Re1 Qf5 19. Nd5 Be6 20. Qd4 Rg8 21.
g4 Qf3 22. Qa4+ Kf8 23. Rxe6 fxe6 24. Qd7 exd5 25. Qxc8+ Kg7 26. Qxb7 Qe4 27.
c3 Rf8 0-1

[Event "XVI Festival A"]
[Site "Porto San Giorgio ITA"]
[Date "2004.08.24"]
[Round "4"]
[White "Di Donatantonio, Franco"]
[Black "Ventura, Sergio"]
[Result "0-1"]
[WhiteElo "2012"]
[BlackElo "2175"]
[PlyCount "80"]
[EventDate "2004.08.21"]

1. e4 d6 2. d4 Nf6 3. Nc3 c6 4. Nf3 Bg4 5. Be3 e6 6. Bd3 d5 7. e5 Nfd7 8. h3
Bh5 9. g4 Bg6 10. Ne2 c5 11. c3 Nc6 12. a3 c4 13. Bc2 b5 14. h4 Be7 15. Ng5 a5
16. Nf4 Bxc2 17. Qxc2 Bxg5 18. hxg5 g6 19. Nxg6 fxg6 20. Rxh7 Rxh7 21. Qxg6+
Rf7 22. Qxe6+ Ne7 23. g6 Rg7 24. Bg5 Qb6 25. Qxb6 Nxb6 26. Ke2 Nxg6 27. Rh1 Nd7
28. f4 Ndf8 29. Kf3 Rh7 30. Rh5 Raa7 31. f5 Raf7 32. Bf6 Rxh5 33. fxg6 Rh3+ 34.
Kg2 Rxf6 35. exf6 Re3 36. g7 Kf7 37. gxf8=Q+ Kxf8 38. g5 Kf7 39. Kf2 Re4 40.
Kf3 Kg6 0-1

[Event "XVI Festival A"]
[Site "Porto San Giorgio ITA"]
[Date "2004.08.24"]
[Round "4"]
[White "Djuric, Stefan"]
[Black "Kolbus, Dietmar"]
[Result "1-0"]
[WhiteElo "2511"]
[BlackElo "2303"]
[PlyCount "55"]
[EventDate "2004.08.21"]

1. e4 c6 2. c4 d5 3. cxd5 cxd5 4. exd5 Nf6 5. Nc3 Nxd5 6. Nf3 e6 7. d4 Be7 8.
Bd3 Nc6 9. O-O O-O 10. Re1 Ncb4 11. Bb1 Nf6 12. Ne5 Nc6 13. Nf3 b6 14. Bg5 Bb7
15. a3 Re8 16. Qd3 g6 17. Ba2 Nd5 18. h4 Nxc3 19. bxc3 Qd6 20. Qe3 Bxg5 21.
Nxg5 Ne7 22. h5 Nf5 23. Qh3 h6 24. hxg6 fxg6 25. Nxe6 Kh7 26. g4 Ne7 27. Ng5+
Kg7 28. Qxh6+ 1-0

[Event "XVI Festival A"]
[Site "Porto San Giorgio ITA"]
[Date "2004.08.24"]
[Round "4"]
[White "Facchetti, Gianni"]
[Black "Andreolini, Mauro"]
[Result "0-1"]
[WhiteElo "2190"]
[BlackElo "1898"]
[PlyCount "72"]
[EventDate "2004.08.21"]

1. e4 e6 2. d4 c5 3. c3 d5 4. exd5 Qxd5 5. Nf3 Nc6 6. Be3 cxd4 7. cxd4 Nf6 8.
Be2 Be7 9. O-O O-O 10. Nc3 Qa5 11. a3 Nd5 12. Qd3 Bf6 13. b4 Qd8 14. Ne4 b6 15.
Rac1 Bb7 16. Nfg5 Rc8 17. Nxh7 Re8 18. Nhxf6+ Nxf6 19. Bf3 Ne5 20. Rxc8 Nxf3+
21. gxf3 Qxc8 22. Rc1 Qd7 23. Ng5 e5 24. Rd1 e4 25. Qf1 exf3 26. Qh3 Qd5 27.
Qg3 Qf5 28. h4 Nh5 29. Qh3 Qd5 30. Qg4 Nf6 31. Qf4 Qd7 32. Rc1 Nd5 33. Qxf3
Nxe3 34. Qh5 Qg4+ 35. Qxg4 Nxg4 36. Rc7 Re1# 0-1